005640000a2200133000450000500170000000800410001702000150005808200160007311000730008924501330016226000570029530000180035265000600037020240106104911.0230817t ||||| |||| 00| 0 eng d a9221024598 a331.42bNAT aNational Workshop on Income Generating Skills for Women in Sri Lanka aReport of the National Workshop on Income Generating Skills for Women in Sri Lanka, Colombo, Sri Lanka, 17th-21st December, 1979 aIslamabad:bInternational Labour Organisation,c1980 a91 p. ; 23 cm aOccupational training for women- Sri Lanka- Congresses